Catálogo público

Inventario Nacional de Proyectos de Inversión Agroindustrial : por entidad federativa / Secretaría de Agricultura y Recursos Hidraúlicos, Coordinación General de Desarrollo Agroindustrial (Record no. 209274)

MARC details
000 -CABECERA
campo de control de longitud fija 01081nam a2200253Ia 4500
001 - NÚMERO DE CONTROL
campo de control dia_970
003 - IDENTIFICADOR DEL NÚMERO DE CONTROL
campo de control CHAP
005 - FECHA Y HORA DE LA ÚLTIMA TRANSACCIÓN
campo de control 20251021145838.0
008 - DATOS DE LONGITUD FIJA--INFORMACIÓN GENERAL
campo de control de longitud fija 220601s9999 xx 000 0 und d
040 ## - FUENTE DE LA CATALOGACIÓN
Centro/agencia transcriptor CHAP
082 ## - NÚMERO DE LA CLASIFICACIÓN DECIMAL DEWEY
Número de clasificación 338.1 M45 1982
110 ## - ENTRADA PRINCIPAL--NOMBRE DE ENTIDAD CORPORATIVA
Nombre de entidad corporativa o nombre de jurisdicción como elemento de entrada México. Secretaría de Agricultura y Recursos Hidraúlicos, Coordinación General de Desarrollo Agroindustrial
9 (RLIN) 175727
245 ## - MENCIÓN DE TÍTULO
Título Inventario Nacional de Proyectos de Inversión Agroindustrial : por entidad federativa / Secretaría de Agricultura y Recursos Hidraúlicos, Coordinación General de Desarrollo Agroindustrial
260 ## - PUBLICACIÓN, DISTRIBUCIÓN, ETC.
Lugar de publicación, distribución, etc. México : SARH
300 ## - DESCRIPCIÓN FÍSICA
Extensión xx, 496 p.
440 ## - MENCIÓN DE SERIE/PUNTO DE ACCESO ADICIONAL--TÍTULO
Título Documentos técnicos para el desarrollo agroindustrial
9 (RLIN) 33294
503 ## - NOTA DE HISTORIA BIBLIOGRÁFICA (BK CF MU) [OBSOLETO]
Nota de historia bibliográfica C/e
650 ## - PUNTO DE ACCESO ADICIONAL DE MATERIA--TÉRMINO DE MATERIA
Término de materia o nombre geográfico como elemento de entrada 1. Proyectos agroindustriales - Investigación
9 (RLIN) 175728
700 ## - PUNTO DE ACCESO ADICIONAL--NOMBRE DE PERSONA
Nombre de persona Secretaría de Agricultura y Recursos Hidraúlicos, Coordinación General de Desarrollo Agroindustrial Ì
9 (RLIN) 175729
901 ## - ELEMENTOS DE DATOS A LOCAL LDA (RLIN)
a 338.1 M45 1982
902 ## - ELEMENTOS DE DATOS B LOCAL, LDB (RLIN)
a M
905 ## - ELEMENTOS DE DATOS E LOCAL, LDE (RLIN)
a 0000001982 MX amn 0000000000SPA00
942 ## - ELEMENTOS DE PUNTO DE ACCESO ADICIONAL (KOHA)
Tipo de ítem Koha Libro
Fuente del sistema de clasificación o colocación Dewey Decimal Classification
Holdings
Estado de retiro Estado de pérdida Fuente del sistema de clasificación o colocación Estado dañado No para préstamo Código de colección Localización permanente Ubicación/localización actual Ubicación en estantería Fecha de adquisición Enumeración/cronología de publicación seriada Total de préstamos Código de barras Fecha visto por última vez Número de copia Precio válido a partir de Tipo de ítem Koha Fecha del último préstamo
    Dewey Decimal Classification     General Ingenieria Agroindustrial Ingenieria Agroindustrial   01/06/2022 Volumen: 2   dia_005915 01/06/2022 1 01/06/2022 Libro  
    Dewey Decimal Classification     General Ingenieria Agroindustrial Ingenieria Agroindustrial   01/06/2022 Volumen: 1   dia_001978 01/06/2022 1 01/06/2022 Libro  
    Dewey Decimal Classification     General Ingenieria Agroindustrial Ingenieria Agroindustrial   01/06/2022 Volumen: 1   dia_001979 01/06/2022 2 01/06/2022 Libro  
    Dewey Decimal Classification     General Ingenieria Agroindustrial Ingenieria Agroindustrial   01/06/2022 Volumen: 2 1 dia_001981 03/10/2024 2 01/06/2022 Libro 03/10/2024